European Athletes - Sudden Death - Statistics

General Stats
  • This quiz has been taken 743 times
    204 since last reset
  • The average score is 19 of 50
Answers on the Grid
Answers color-coded by a green-red scale on the quiz's grid according to % correct below.
Michael Schumacher
Jonah Lomu
Cristiano Ronaldo
Nikola Jokić
Usain Bolt
Dirk Nowitzki
Johan Cruyff
Sachin Tendulkar
Tiger Woods
Zinedine Zidane
Michael Phelps
Pau Gasol
Anderson Silva
Franz Beckenbauer
Rafael Nadal
Kelly Slater
Evgeni Plushenko
Max Schmeling
Joe Louis
Sergey Bubka
Lionel Messi
Roger Federer
Nick Faldo
Paolo Maldini
Ty Cobb
Andy Hug
Charles Barkley
Björn Borg
Gary Player
Alexander Ovechkin
Ma Long
Chris Hoy
Stephen Curry
Lewis Hamilton
Steffi Graf
Maria Sharapova
Rory McIlroy
Teddy Riner
Don Bradman
Magic Johnson
Wladimir Klitschko
Tony Hawk
Larisa Latynina
Muhammad Ali
Diego Maradona
Valentino Rossi
Steve Yzerman
Colin Montgomerie
Oleksandr Usyk
Luka Dončić
Jesse Owens
Mario Lemieux
Jonny Wilkinson
Mark Spitz
Tyson Fury
Ole Einar Bjørndalen
Simone Biles
Aleksandr Karelin
Niki Lauda
Haile Gebrselassie
Billie Jean King
Ronnie O'Sullivan
Andre Agassi
Max Verstappen
Olga Korbut
Michael Jordan
Babe Ruth
Pelé
Joe Calzaghe
Ian Thorpe
Jim Brown
Nadia Comăneci
Pete Sampras
Arvydas Sabonis
Manny Pacquiao
Serena Williams
Pyrros Dimas
Rod Laver
Conor McGregor
Jack Nicklaus
Bjørn Dæhlie
Kobe Bryant
Marta
Jan Železný
Mike Tyson
Adam Ondra
Michelle Kwan
Katie Ledecky
Bryan Habana
Lasha Talakhadze
Shaun White
Ferenc Puskás
Carl Lewis
Jon Jones
Stephen Hendry
Tom Brady
Wayne Gretzky
Rocky Marciano
Alain Prost
 
Answer Stats
Answer % Correct
Cristiano Ronaldo
76%
Michael Schumacher
73%
Zinedine Zidane
73%
Johan Cruyff
69%
Nikola Jokić
69%
Rafael Nadal
66%
Roger Federer
66%
Björn Borg
64%
Lewis Hamilton
63%
Franz Beckenbauer
62%
Max Verstappen
54%
Paolo Maldini
53%
Maria Sharapova
51%
Luka Dončić
50%
Dirk Nowitzki
49%
Valentino Rossi
48%
Conor McGregor
45%
Ole Einar Bjørndalen
45%
Wladimir Klitschko
44%
Ferenc Puskás
42%
Oleksandr Usyk
42%
Steffi Graf
40%
Alexander Ovechkin
39%
Niki Lauda
39%
Pau Gasol
39%
Nadia Comăneci
36%
Rory McIlroy
36%
Bjørn Dæhlie
35%
Jan Železný
35%
Evgeni Plushenko
34%
Sergey Bubka
33%
Arvydas Sabonis
32%
Tyson Fury
31%
Aleksandr Karelin
29%
Alain Prost
28%
Ronnie O'Sullivan
28%
Olga Korbut
25%
Lasha Talakhadze
20%
Max Schmeling
20%
Pyrros Dimas
18%
Chris Hoy
17%
Colin Montgomerie
17%
Jonny Wilkinson
17%
Larisa Latynina
17%
Nick Faldo
13%
Stephen Hendry
11%
Joe Calzaghe
9%
Teddy Riner
9%
Adam Ondra
6%
Andy Hug
3%
No matching quizzes found
Score Distribution
Percent of People with Each Score
Percentile by Number Answered
Your Score History
You have not taken this quiz since the last reset